Raimundo Figueroa (Record no. 11268)

MARC details
000 - LÍDER
campo de control de longitud fija 01276nam a2200241Ia 4500
008 - ELEMENTOS DE DATOS DE LONGITUD FIJA - INFORMACIÓN GENERAL
campo de control de longitud fija 0000002009 pr ad 0000000000eng00
090 ## - NÚMERO DE LLAMADA DE TIPO LC LOCALMENTE ASIGNADO (OCLC)
Número de clasificación (OCLC) (R) PPR00 R13r
245 10 - TÍTULO DECLARACIÓN
Título Raimundo Figueroa
Resto del título : vital forces
Declaración de responsabilidad / curator Valentine de Badereau ; photography Mercedes Segura
260 ## - PUBLICACIÓN, DISTRIBUCIÓN
Lugar de publicación San Juan (Puerto Rico) : Bao Art Group
Fecha de publicación 2009
300 ## - DESCRIPCIÓN FÍSICA
Alcance [56] p.
Dimensiones / 20 cm.
500 ## - NOTA GENERAL
Nota general Exposición realizada en BAO Art Group, San Juan, diciembre, 2008 enero, 2009 \ Incluye cronología del artista \ Proyecto Ganador Programa Apoyos Concertados FGAA 2010
501 ## - Con nota
Con nota The infinite and infinite voids / Dominique Nahas
505 ## - NOTA DE CONTENIDO FORMATEADA
Nota sobre el contenido formateado OBRAS : The way of emotion The way is all Haste and ambition can drive your heart insane Quietness is the master of restlessness Can you govern your soul animal, hold to the One and never depart from it? Vital forces Flor de Tortola Flowers
600 00 - ENTRADA DE SUJETO AÑADIDO - NOMBRE PERSONAL
Nombre de la persona FIGUEROA, RAYMUNDO, 1957/
Subdivisión general TRABAJOS PICTORICOS
650 14 - ENTRADA DE SUJETO AÑADIDO - TÉRMINO TÓPICO
Término tópico o elemento de entrada del nombre geográfico ARTE CONTEMPORANEO PUERTORRIQUEÑO
650 14 - ENTRADA DE SUJETO AÑADIDO - TÉRMINO TÓPICO
Término tópico o elemento de entrada del nombre geográfico ARTISTAS PLASTICOS PUERTORRIQUEÑOS
650 14 - ENTRADA DE SUJETO AÑADIDO - TÉRMINO TÓPICO
Subdivisión general CATALOGOS
650 14 - ENTRADA DE SUJETO AÑADIDO - TÉRMINO TÓPICO
Subdivisión general EXPOSICIONES
650 14 - ENTRADA DE SUJETO AÑADIDO - TÉRMINO TÓPICO
Término tópico o elemento de entrada del nombre geográfico PINTORES PUERTORRIQUEÑOS
650 14 - ENTRADA DE SUJETO AÑADIDO - TÉRMINO TÓPICO
Término tópico o elemento de entrada del nombre geográfico PINTURA AL OLEO
650 14 - ENTRADA DE SUJETO AÑADIDO - TÉRMINO TÓPICO
Término tópico o elemento de entrada del nombre geográfico PINTURA PUERTORRIQUEÑA
700 1# - ENTRADA AGREGADA - NOMBRE PERSONAL
Nombre de la persona Badereau, Valentine de \ Segura, Mercedes
Holdings
Estado de retirada Pérdida de estatus Estado dañado No para préstamo Código de recogida Ubicación permanente Ubicación actual Ubicación de las estanterías Fecha de adquisición Número de llamada completo Código de barras Fecha de la última vez que se vio Número de copia Precio efectivo desde Tipo de artículo Koha
        General ArtNexus ArtNexus General 06/09/2022 P-PR-00 R13R 11382 06/09/2022 Ej.1 06/09/2022 Libro

Powered by Koha